| 000 | 00507nam a2200205Ia 4500 | ||
|---|---|---|---|
| 008 | 180523s9999 xx 000 0 und d | ||
| 020 | _a81-7648-645-0 | ||
| 050 | _aMAIN HF 5635 | ||
| 050 | _b.R43 2004 | ||
| 100 | _aReddy, Jayaprakash R. | ||
| 245 | 0 | _aAdvanced accounting : | |
| 245 | 0 | _btheory and practice / | |
| 245 | 0 | _cJayaprakash R. Reddy. | |
| 260 | _aNew Delhi : | ||
| 260 | _bAPH Publishing, | ||
| 260 | _c2004 | ||
| 300 | _a168 pages : | ||
| 300 | _c22 cm. | ||
| 650 | _aAccounting. | ||
| 999 |
_c357190 _d357190 |
||